| 000 | 00857nam a2200253 i 4500 | ||
|---|---|---|---|
| 001 | bgj | ||
| 100 | 1 | _aFISCHER-LICHTE, Erika. | |
| 245 | 1 | 0 |
_aGeschichte des Dramas : _bEpochen der Identität auf dem Theater von der Antike bis zur Gegenwart. _cErika Fischer-Lichte. _nBd. 1, _pVon Antike bis zur deutschen Klassik / |
| 250 | _aWyd. 2. | ||
| 260 |
_aTübingen ; _aBasil : _bA. Francke Verlag, _c1999. |
||
| 300 |
_aVII, 404 s., [4 k.] : _bil. ; _c19 cm. |
||
| 490 | 1 |
_aUTB für Wissenschaft : _pUni-Taschenbücher _v1565 |
|
| 504 | _aBibliogr. s. 389-394. Indeks. | ||
| 650 | 9 | _aHistoria literatury | |
| 830 |
_aUTB für Wissenschaft : _pUni-Taschenbücher |
||
| 020 | _a3825215652 | ||
| 040 | _cBPK | ||
| 041 | 0 | _ager | |
| 044 | _aDEU | ||
| 080 | _a82(091) | ||
| 920 | _a3-8252-1565-2 | ||
| 942 | _cKS | ||
| 008 | s gw f |000 0 ger | ||
| 999 |
_c49410 _d49410 |
||
| 856 |
_uhttp://koha.tu.koszalin.pl/cgi-bin/koha/opac-detail.pl?biblionumber=49410 _yKatalog online BPK |
||